[Event "SRB-ch sf"]
[Site "Zrenjanin"]
[Date "2018.02.18"]
[Round "5"]
[White "Bjelic, Branislav"]
[Black "Tasic, Zoran T"]
[Result "0-1"]
[WhiteElo "1890"]
[BlackElo "2088"]
[PlyCount "62"]
[EventDate "2018.02.16"]
[EventType "swiss"]
[EventRounds "9"]
[EventCountry "SRB"]
[SourceTitle "CBM 183 Extra"]
[Source "ChessBase"]
[SourceDate "2018.04.19"]
[SourceVersion "1"]
[SourceVersionDate "2018.04.19"]
[SourceQuality "1"]

1. d4 c5 2. Nf3 e6 3. e4 d5 4. e5 Nc6 5. c3 Bd7 6. a3 c4 7. Nbd2 Na5 8. Rb1 Rc8 9. Be2 Ne7 10. Ng5 h6 11. Nh3 Nb3 12. 0-0 Ba4 13. Nxb3 Bxb3 14. Qe1 Bc2 15. Ra1 Qd7 16. f4 g6 17. Rf2 Qa4 18. Qf1 h5 19. b4 a5 20. Bd2 Ra8 21. Ng5 b5 22. h3 h4 23. Bd1 Bxd1 24. Qxd1 axb4 25. Qxa4 Rxa4 26. cxb4 Nf5 27. Bc3 Bh6 28. Rf3 0-0 29. Kf1 Rfa8 30. Ke1 Bxg5 31. fxg5 Rxa3 0-1

[Event "SRB-ch sf"]
[Site "Zrenjanin"]
[Date "2018.02.17"]
[Round "2"]
[White "Svicevic, Rastko"]
[Black "Tasic, Zoran T"]
[Result "1-0"]
[WhiteElo "2243"]
[BlackElo "2088"]
[PlyCount "56"]
[EventDate "2018.02.16"]
[EventType "swiss"]
[EventRounds "9"]
[EventCountry "SRB"]
[SourceTitle "CBM 183 Extra"]
[Source "ChessBase"]
[SourceDate "2018.04.19"]
[SourceVersion "1"]
[SourceVersionDate "2018.04.19"]
[SourceQuality "1"]

1. e4 e6 2. Qe2 e5 3. d3 d6 4. f4 Be7 5. Nf3 Bg4 6. g3 Nc6 7. c3 h5 8. h3 Bxf3 9. Qxf3 h4 10. g4 g5 11. fxe5 Nxe5 12. Qg2 c6 13. Be3 Ng6 14. Nd2 Nh6 15. d4 0-0 16. Bd3 Kg7 17. 0-0 Qc7 18. e5 c5 19. Nf3 f6 20. Qd2 cxd4 21. Nxd4 Qd7 22. Be2 Nxe5 23. Rfd1 Rac8 24. Rac1 Kh7 25. Nb5 Nhf7 26. Nxa7 Ra8 27. a3 Rfb8 28. Nb5 Qc6 1-0

[Event "Belgrade-chT"]
[Site "Belgrade"]
[Date "2017.10.07"]
[Round "2.4"]
[White "Tasic, Zoran T"]
[Black "Popovic, Andrija"]
[Result "1/2-1/2"]
[WhiteElo "2081"]
[BlackElo "2178"]
[PlyCount "124"]
[EventDate "2017.10.01"]
[EventType "team-tourn"]
[EventRounds "11"]
[EventCountry "SRB"]
[SourceTitle "CBM 181 Extra"]
[Source "ChessBase"]
[SourceDate "2017.12.12"]
[SourceVersion "1"]
[SourceVersionDate "2017.12.12"]
[SourceQuality "1"]
[WhiteTeam "Borca"]
[BlackTeam "GSP Polet"]
[WhiteTeamCountry "SRB"]
[BlackTeamCountry "SRB"]

1. d4 d5 2. Nf3 c6 3. Nbd2 Nf6 4. e3 g6 5. c4 Bg7 6. Qb3 0-0 7. a4 Nbd7 8. a5 Rb8 9. cxd5 cxd5 10. Be2 Qc7 11. Qc3 Qc6 12. a6 Ne4 13. Nxe4 dxe4 14. Nd2 e5 15. axb7 Bxb7 16. d5 Qxd5 17. Ra5 Rfc8 18. Bc4 Qc6 19. Rxa7 Nb6 20. b3 Nxc4 21. bxc4 Ba6 22. 0-0 Bxc4 23. Nxc4 Qxc4 24. Qxc4 Rxc4 25. Ba3 Rc2 26. Bd6 Rd8 27. Be7 Rdc8 28. Bd6 Rd2 29. Bb4 Rb2 30. Bd6 Rb6 31. Rd7 Bf6 32. g4 Rc2 33. Be7 Kg7 34. g5 Bxe7 35. Rxe7 Rb5 36. Ra1 Rbb2 37. Rf1 Rc5 38. Ra1 Rcc2 39. Rf1 Rb5 40. Re8 h6 41. h4 hxg5 42. hxg5 Rc7 43. Ra1 f6 44. Raa8 fxg5 45. Rg8+ Kh6 46. Rh8+ Rh7 47. Rxh7+ Kxh7 48. Kg2 Kh6 49. Ra4 Kg7 50. Kg3 Rb1 51. Rxe4 Kf6 52. Ra4 Ke6 53. Kf3 Kf5 54. e4+ Kf6 55. Ra6+ Kf7 56. Ra3 Re1 57. Ra4 Rb1 58. Ra3 Rd1 59. Kg4 Rg1+ 60. Rg3 Re1 61. Kxg5 Rxe4 62. Rf3+ Kg7 1/2-1/2

[Event "Belgrade Trophy 30th"]
[Site "Belgrade"]
[Date "2016.11.25"]
[Round "2"]
[White "Radlovacki, Jovan"]
[Black "Tasic, Zoran T"]
[Result "1-0"]
[WhiteElo "2328"]
[BlackElo "2144"]
[PlyCount "67"]
[EventDate "2016.11.24"]
[EventType "swiss"]
[EventRounds "9"]
[EventCountry "SRB"]
[SourceTitle "CBM 175 Extra"]
[Source "ChessBase"]
[SourceDate "2016.12.12"]
[SourceVersion "1"]
[SourceVersionDate "2016.12.12"]
[SourceQuality "1"]

1. e4 Nc6 2. Nf3 Nf6 3. e5 Ng4 4. d4 d6 5. h3 Nh6 6. Nc3 a6 7. exd6 Qxd6 8. Ne4 Qd5 9. Bd3 Nb4 10. 0-0 Nxd3 11. Qxd3 Be6 12. Bf4 Qc4 13. Qxc4 Bxc4 14. Rfe1 0-0-0 15. Bxh6 gxh6 16. Ne5 Be6 17. Nc5 Rxd4 18. Nxe6 fxe6 19. c3 Rf4 20. Nd3 Rf6 21. Nc5 h5 22. Nxe6 Bh6 23. Rad1 Rg8 24. h4 b6 25. Rd5 Rgg6 26. Rd8+ Kb7 27. Nd4 e6 28. Re8 Bf4 29. Nxe6 Bd6 30. Ng5 Rf4 31. g3 Ra4 32. a3 Rg4 33. R1e6 Bc5 34. Kg2 1-0

[Event "Palic Karadzic Memorial op"]
[Site "Palic"]
[Date "2016.11.02"]
[Round "7"]
[White "Miladinovic, Lena"]
[Black "Tasic, Zoran T"]
[Result "1-0"]
[WhiteElo "2164"]
[BlackElo "2144"]
[PlyCount "57"]
[EventDate "2016.10.29"]
[EventType "swiss"]
[EventRounds "9"]
[EventCountry "SRB"]
[SourceTitle "CBM 175 Extra"]
[Source "ChessBase"]
[SourceDate "2016.12.12"]
[SourceVersion "1"]
[SourceVersionDate "2016.12.12"]
[SourceQuality "1"]

1. d4 d5 2. Nf3 Nc6 3. c4 Bg4 4. Nc3 Nf6 5. cxd5 Nxd5 6. e4 Bxf3 7. gxf3 Nxc3 8. bxc3 e5 9. d5 Nb8 10. Qb3 Qc8 11. Rb1 Bd6 12. Qxb7 Qxb7 13. Rxb7 a6 14. Rg1 0-0 15. Bh6 g6 16. Bxf8 Kxf8 17. Bh3 a5 18. Ke2 Ke7 19. Rb5 a4 20. Rgb1 Na6 21. Ra5 a3 22. Rb3 f5 23. Ke1 c6 24. Rb7+ Kf6 25. Rb6 Nc7 26. Rxa8 Nxa8 27. Rxc6 Ke7 28. exf5 gxf5 29. Bxf5 1-0

[Event "Pozarevac City-chA"]
[Site "Pozarevac"]
[Date "2013.12.29"]
[Round "4"]
[White "Tasic, Zoran T"]
[Black "Brankovic, Dejan"]
[Result "0-1"]
[WhiteElo "2129"]
[BlackElo "2361"]
[PlyCount "72"]
[EventDate "2013.12.27"]
[EventType "swiss"]
[EventRounds "5"]
[EventCountry "SRB"]
[SourceTitle "CBM 158 Extra"]
[Source "ChessBase"]
[SourceDate "2014.02.28"]
[SourceVersion "1"]
[SourceVersionDate "2014.02.28"]
[SourceQuality "1"]

1. d4 Nf6 2. Nf3 g6 3. c4 Bg7 4. Nc3 d6 5. e4 0-0 6. Be2 e5 7. 0-0 Na6 8. d5 Nc5 9. Qc2 a5 10. Bg5 h6 11. Bh4 Bd7 12. Nd2 Qe8 13. b3 Nh7 14. f3 h5 15. Rfb1 Bh6 16. Nf1 f5 17. a3 a4 18. b4 Nb3 19. Rxb3 axb3 20. Qxb3 Kh8 21. c5 g5 22. Bg3 g4 23. Bh4 gxf3 24. Bxf3 Ng5 25. Bxg5 Bxg5 26. cxd6 cxd6 27. exf5 Bxf5 28. Ne4 Bxe4 29. Bxe4 Qf7 30. Qd1 Rxa3 31. Rb1 Rb3 32. Ng3 Rxb1 33. Bxb1 Qf2+ 34. Kh1 Kg8 35. Bd3 Re8 36. Ne4 Qe3 0-1

[Event "Belgrade Trophy 27th"]
[Site "Obrenovac"]
[Date "2013.12.02"]
[Round "9"]
[White "Stanojevic, Branko"]
[Black "Tasic, Zoran T"]
[Result "0-1"]
[WhiteElo "2291"]
[BlackElo "2158"]
[PlyCount "68"]
[EventDate "2013.11.24"]
[EventType "swiss"]
[EventRounds "9"]
[EventCountry "SRB"]
[SourceTitle "CBM 157 Extra"]
[Source "ChessBase"]
[SourceDate "2013.12.19"]
[SourceVersion "1"]
[SourceVersionDate "2013.12.19"]
[SourceQuality "1"]

1. Nf3 b6 2. d4 Bb7 3. c4 e6 4. Bg5 Bb4+ 5. Nc3 Bxc3+ 6. bxc3 f6 7. Bf4 d6 8. Nd2 e5 9. Bg3 Nd7 10. e4 c5 11. f3 Ne7 12. Bf2 Qc7 13. g3 0-0 14. d5 g6 15. h4 f5 16. h5 Kg7 17. g4 fxg4 18. fxg4 g5 19. h6+ Kh8 20. Nf3 Rxf3 21. Qxf3 Rf8 22. Qh3 Ng6 23. Qe3 Nf4 24. 0-0-0 Nf6 25. Be2 Bc8 26. Rdg1 Bd7 27. Bg3 Be8 28. Bxf4 exf4 29. Qd3 Nd7 30. Bf3 Ne5 31. Qe2 Bg6 32. Rd1 Qd7 33. Rhf1 Qa4 34. Rde1 Qa3+ 0-1

[Event "Belgrade Trophy 27th"]
[Site "Obrenovac"]
[Date "2013.11.28"]
[Round "5"]
[White "Cabrilo, Goran"]
[Black "Tasic, Zoran T"]
[Result "1-0"]
[WhiteElo "2404"]
[BlackElo "2158"]
[PlyCount "57"]
[EventDate "2013.11.24"]
[EventType "swiss"]
[EventRounds "9"]
[EventCountry "SRB"]
[SourceTitle "CBM 157 Extra"]
[Source "ChessBase"]
[SourceDate "2013.12.19"]
[SourceVersion "1"]
[SourceVersionDate "2013.12.19"]
[SourceQuality "1"]

1. e4 Nc6 2. Nf3 Nf6 3. e5 Ng4 4. d4 d6 5. h3 Nh6 6. Nc3 g6 7. Bf4 d5 8. g4 Ng8 9. Bb5 Bg7 10. Qe2 Kf8 11. 0-0-0 h6 12. Bxc6 bxc6 13. Na4 e6 14. Nc5 Ne7 15. Kb1 Kg8 16. h4 h5 17. Bg5 hxg4 18. Nh2 Rh5 19. Nxg4 Bd7 20. Rdg1 Kh7 21. Bf6 Bf8 22. Qf3 Qe8 23. Nd3 Ng8 24. Bg5 Kg7 25. Nf4 Rxg5 26. hxg5 Be7 27. Nf6 Bxf6 28. gxf6+ Kf8 29. Rh8 1-0

[Event "Belgrade City-chT"]
[Site "Belgrade"]
[Date "2013.11.03"]
[Round "4"]
[White "Tasic, Zoran T"]
[Black "Poleksic, Dusan"]
[Result "1/2-1/2"]
[WhiteElo "2158"]
[BlackElo "1894"]
[PlyCount "75"]
[EventDate "2013.10.26"]
[EventType "team-tourn"]
[EventRounds "11"]
[EventCountry "SRB"]
[SourceTitle "EXT 2015"]
[Source "ChessBase"]
[SourceDate "2014.11.20"]
[SourceVersion "1"]
[SourceVersionDate "2014.11.20"]
[SourceQuality "1"]

1. d4 d5 2. Bf4 e6 3. e3 Nf6 4. Nd2 c5 5. c3 Nc6 6. Ngf3 Bd6 7. Ne5 Qc7 8. Bb5 0-0 9. Bxc6 bxc6 10. 0-0 Ba6 11. Re1 Rab8 12. b3 Ne4 13. Nxe4 dxe4 14. Qg4 Rfe8 15. Qg3 f6 16. Ng4 Bxf4 17. exf4 Kf7 18. dxc5 Bd3 19. b4 Qb7 20. h4 Qb5 21. h5 Qc4 22. h6 g6 23. f5 Rbc8 24. fxg6+ hxg6 25. Rac1 e5 26. Qh4 Qe6 27. f3 exf3 28. gxf3 Rcd8 29. Rcd1 Qf5 30. Qg3 g5 31. Rd2 Qh7 32. Red1 Rd5 33. Ne3 Rd7 34. Nc4 Red8 35. Nd6+ Rxd6 36. cxd6 Rxd6 37. Qh2 e4 38. fxe4 1/2-1/2

[Event "SRB Central-ch op"]
[Site "Pozarevac"]
[Date "2013.02.23"]
[Round "8"]
[White "Ratkovic, Miloje"]
[Black "Tasic, Zoran T"]
[Result "1-0"]
[WhiteElo "2249"]
[BlackElo "2173"]
[PlyCount "103"]
[EventDate "2013.02.18"]
[EventType "swiss"]
[EventRounds "9"]
[EventCountry "SRB"]
[SourceTitle "CBM 153 Extra"]
[Source "ChessBase"]
[SourceDate "2013.04.22"]
[SourceVersion "1"]
[SourceVersionDate "2013.04.22"]
[SourceQuality "1"]

1. d4 g6 2. e4 Bg7 3. c4 Nc6 4. Be3 e5 5. Ne2 exd4 6. Nxd4 Nf6 7. f3 0-0 8. Be2 Re8 9. Nc3 d6 10. 0-0 Ne5 11. Qd2 c6 12. Rad1 h5 13. h3 Nh7 14. Kh1 Bf6 15. Nc2 Be6 16. b3 Nd7 17. f4 Ndf8 18. Bd4 Bd7 19. f5 Re5 20. fxg6 Nxg6 21. Bxe5 Bxe5 22. Nd4 Qh4 23. Nf3 Qg3 24. Nxe5 Bxh3 25. Bf3 Nxe5 26. gxh3 Ng5 27. Qg2 Qh4 28. Be2 Kh7 29. Rf5 Rg8 30. Rg1 Kh6 31. Qg3 Ngf3 32. Rf6+ Qxf6 33. Qxg8 Nxg1 34. Qxg1 Qh4 35. Qe3+ Kh7 36. Kg2 Ng6 37. Kh2 Qf6 38. Qf3 Nf4 39. Bf1 h4 40. Ne2 Nd5 41. Qxf6 Nxf6 42. Nd4 Kg6 43. Kg2 Kg5 44. Kf3 Nd7 45. Ke3 a5 46. Nf3+ Kf6 47. Nxh4 Nc5 48. Nf3 Na6 49. Bd3 Nb4 50. a3 Na6 51. h4 Nc5 52. Bc2 1-0

[Event "Belgrade-ch"]
[Site "Belgrade"]
[Date "2013.01.29"]
[Round "7"]
[White "Carnic, Srdjan"]
[Black "Tasic, Zoran T"]
[Result "1/2-1/2"]
[WhiteElo "2339"]
[BlackElo "2173"]
[PlyCount "75"]
[EventDate "2013.01.23"]
[EventType "swiss"]
[EventRounds "9"]
[EventCountry "SRB"]
[SourceTitle "CBM 152 Extra"]
[Source "ChessBase"]
[SourceDate "2013.02.25"]
[SourceVersion "1"]
[SourceVersionDate "2013.02.25"]
[SourceQuality "1"]

1. e4 e6 2. d4 d5 3. Nd2 Nf6 4. e5 Nfd7 5. Ngf3 c5 6. c3 b6 7. Bb5 Be7 8. 0-0 0-0 9. Re1 Ba6 10. a4 cxd4 11. cxd4 Bxb5 12. axb5 a5 13. Nf1 Ra7 14. Bd2 Rc7 15. Ng3 Qe8 16. Re3 f5 17. exf6 Rxf6 18. Rc1 Rxc1 19. Qxc1 Bd6 20. Rc3 Rf8 21. Qc2 Nf6 22. Qd3 Ng4 23. h3 Nf6 24. Rc1 Nbd7 25. Rc6 Qb8 26. Ng5 Re8 27. Nh5 Nf8 28. Nxf6+ gxf6 29. Nf3 Ng6 30. Bh6 Rc8 31. Qc2 Ne7 32. Qe2 Kf7 33. Rc2 Nf5 34. Be3 Rxc2 35. Qxc2 Qc7 36. Qd1 Qc4 37. Nd2 Qxb5 38. Qh5+ 1/2-1/2

[Event "Belgrade-ch"]
[Site "Belgrade"]
[Date "2013.01.24"]
[Round "2"]
[White "Tasic, Zoran T"]
[Black "Perunovic, Miodrag"]
[Result "0-1"]
[WhiteElo "2173"]
[BlackElo "2426"]
[PlyCount "72"]
[EventDate "2013.01.23"]
[EventType "swiss"]
[EventRounds "9"]
[EventCountry "SRB"]
[SourceTitle "CBM 152 Extra"]
[Source "ChessBase"]
[SourceDate "2013.02.25"]
[SourceVersion "1"]
[SourceVersionDate "2013.02.25"]
[SourceQuality "1"]

1. d4 g6 2. c3 Bg7 3. Nf3 d6 4. h3 Nd7 5. Bg5 Ngf6 6. Nbd2 0-0 7. e4 e5 8. dxe5 dxe5 9. Qc2 b6 10. Bc4 Bb7 11. 0-0 Qe8 12. Rfe1 h6 13. Be3 Qe7 14. b4 Nh5 15. Nf1 Kh8 16. N3d2 Nf4 17. Kh2 Ne6 18. Ng3 h5 19. f3 Nf6 20. Nh1 Nh7 21. Qb3 Neg5 22. h4 Ne6 23. g3 Rad8 24. Rad1 Bc8 25. Nf1 Rxd1 26. Qxd1 g5 27. hxg5 Nexg5 28. Nf2 Ne6 29. Bd3 Rg8 30. Bc1 Nf4 31. Ne3 Nxd3 32. Qxd3 Qe6 33. Nf5 Qxa2 34. Be3 Bf8 35. Rh1 f6 36. Nh4 Qf7 0-1

[Event "Belgrade-chT Quality"]
[Site "Belgrade"]
[Date "2012.11.01"]
[Round "10"]
[White "Nenezic, Marko"]
[Black "Tasic, Zoran T"]
[Result "1/2-1/2"]
[WhiteElo "2345"]
[BlackElo "2166"]
[PlyCount "75"]
[EventDate "2012.10.13"]
[EventType "team-tourn"]
[EventRounds "11"]
[EventCountry "SRB"]
[SourceTitle "EXT 2019"]
[Source "ChessBase"]
[SourceDate "2018.10.10"]
[SourceVersion "1"]
[SourceVersionDate "2018.10.10"]
[SourceQuality "1"]

1. Nf3 Nc6 2. d4 d5 3. c4 e5 4. Nxe5 Nxe5 5. dxe5 d4 6. g3 c6 7. Bg2 Be6 8. Nd2 Qa5 9. 0-0 0-0-0 10. Re1 h5 11. a3 h4 12. b4 Qc7 13. Qa4 hxg3 14. hxg3 Kb8 15. c5 Ne7 16. Ne4 Ng6 17. Nd6 Nxe5 18. b5 Bxd6 19. cxd6 Rxd6 20. bxc6 b6 21. Bf4 f6 22. Bxe5 fxe5 23. Qb5 Bh3 24. Be4 Rdh6 25. a4 a5 26. Reb1 Ka7 27. Ra2 g6 28. Rab2 Bf5 29. Bg2 Rb8 30. Rc1 Bc8 31. Qd3 Ba6 32. Qd2 Rbh8 33. f3 Rh2 34. Kf2 R8h3 35. Qg5 Qh7 36. Rg1 Qc7 37. Rgb1 Qh7 38. Rg1 1/2-1/2

[Event "Belgrade-chT Quality"]
[Site "Belgrade"]
[Date "2012.10.21"]
[Round "4.3"]
[White "Tasic, Zoran T"]
[Black "Adamovic, Strahinja"]
[Result "1-0"]
[WhiteElo "2166"]
[BlackElo "2092"]
[PlyCount "61"]
[EventDate "2012.10.13"]
[EventType "team-tourn"]
[EventRounds "11"]
[EventCountry "SRB"]
[SourceTitle "EXT 2019"]
[Source "ChessBase"]
[SourceDate "2018.10.10"]
[SourceVersion "1"]
[SourceVersionDate "2018.10.10"]
[SourceQuality "1"]

1. d4 Nf6 2. Nf3 g6 3. Bf4 Bg7 4. e3 d6 5. h3 0-0 6. Bc4 c5 7. c3 d5 8. Be2 Nc6 9. 0-0 Qb6 10. Qb3 Ne4 11. Na3 c4 12. Qxb6 axb6 13. Nb5 Ra5 14. a4 Bd7 15. Ra3 Rfa8 16. Rfa1 Bf8 17. Bc7 R5a6 18. Bh2 e6 19. Nc7 Bxa3 20. Rxa3 Rxa4 21. Nxa8 Rxa3 22. bxa3 Nxc3 23. Kf1 Na4 24. Bc7 b5 25. Bd6 Na5 26. Bb4 Nb3 27. Bd1 Nc1 28. Ne5 Nb2 29. Be2 Bc6 30. Bc3 Nbd3 31. Bd2 1-0

[Event "Belgrade-chT Quality"]
[Site "Belgrade"]
[Date "2012.10.20"]
[Round "3.3"]
[White "Svicevic, Rastko"]
[Black "Tasic, Zoran T"]
[Result "1-0"]
[WhiteElo "2249"]
[BlackElo "2166"]
[PlyCount "113"]
[EventDate "2012.10.13"]
[EventType "team-tourn"]
[EventRounds "11"]
[EventCountry "SRB"]
[SourceTitle "EXT 2019"]
[Source "ChessBase"]
[SourceDate "2018.10.10"]
[SourceVersion "1"]
[SourceVersionDate "2018.10.10"]
[SourceQuality "1"]

1. e4 e6 2. d4 d5 3. Nc3 Bb4 4. Bd2 Bxc3 5. Bxc3 Nf6 6. e5 Ne4 7. Qg4 0-0 8. Bb4 c5 9. Bxc5 Nxc5 10. dxc5 f5 11. exf6 Qxf6 12. 0-0-0 Nd7 13. f3 Nxc5 14. Qd4 b6 15. Qxf6 Rxf6 16. Ne2 Bb7 17. Nc3 a6 18. b4 Nd7 19. Ne4 Rf4 20. a3 Bc6 21. Ng5 Rf6 22. f4 h6 23. Nf3 Ba4 24. Rd4 b5 25. Bd3 Raf8 26. Re1 Nb8 27. Ne5 Rxf4 28. Rxf4 Rxf4 29. g3 Rf8 30. h4 Rf6 31. Ng4 Kf7 32. Nxf6 gxf6 33. g4 Nc6 34. Rf1 Kg7 35. Kd2 Ne5 36. Be2 Ng6 37. h5 Ne5 38. Bd3 Nd7 39. Re1 Kf7 40. Bg6+ Ke7 41. g5 fxg5 42. Bf5 Nf8 43. Kc3 Kd6 44. Bg4 e5 45. Rf1 Ke7 46. Bf5 g4 47. Rg1 Kf6 48. Bxg4 Nh7 49. Rf1+ Kg7 50. Be6 d4+ 51. Kd3 e4+ 52. Kxd4 Bxc2 53. Rc1 Ng5 54. Rxc2 Nxe6+ 55. Kxe4 Kf7 56. Rc6 Ke7 57. Rxa6 1-0

[Event "Belgrade-chT Quality"]
[Site "Belgrade"]
[Date "2012.10.14"]
[Round "2"]
[White "Tasic, Zoran T"]
[Black "Vujanovic, Bojan"]
[Result "1/2-1/2"]
[WhiteElo "2166"]
[BlackElo "2220"]
[PlyCount "26"]
[EventDate "2012.10.13"]
[EventType "team-tourn"]
[EventRounds "11"]
[EventCountry "SRB"]
[SourceTitle "EXT 2019"]
[Source "ChessBase"]
[SourceDate "2018.10.10"]
[SourceVersion "1"]
[SourceVersionDate "2018.10.10"]
[SourceQuality "1"]

1. d4 e6 2. Nf3 f5 3. e4 fxe4 4. Ng5 Nf6 5. f3 h6 6. Nh3 exf3 7. Qxf3 Bd6 8. Bd3 Qe7 9. 0-0 Nc6 10. c3 0-0 11. Nd2 Nd5 12. Qe4 Rxf1+ 13. Nxf1 Nf6 1/2-1/2

[Event "SRB-chT Central"]
[Site "Pozarevac"]
[Date "2012.02.18"]
[Round "8"]
[White "Bozilov, Dragan"]
[Black "Tasic, Zoran T"]
[Result "0-1"]
[WhiteElo "1913"]
[BlackElo "2156"]
[PlyCount "148"]
[EventDate "2012.02.13"]
[EventType "team-swiss"]
[EventRounds "9"]
[EventCountry "SRB"]
[SourceTitle "CBM 146 Extra"]
[Source "ChessBase"]
[SourceDate "2012.02.29"]
[SourceVersion "1"]
[SourceVersionDate "2012.02.29"]
[SourceQuality "1"]

1. c4 b6 2. Nf3 Bb7 3. g3 Bxf3 4. exf3 c5 5. Bg2 Nc6 6. f4 Nf6 7. Nc3 g6 8. 0-0 Bg7 9. Ne2 Rc8 10. Rb1 0-0 11. d4 cxd4 12. Nxd4 Nxd4 13. Qxd4 e6 14. Qd3 Qc7 15. b3 d5 16. cxd5 Rfd8 17. d6 Qxd6 18. Qa6 Qd3 19. Qxd3 Rxd3 20. Bb2 Rd2 21. Bxf6 Bxf6 22. a4 Bd4 23. Rbd1 Bxf2+ 24. Kh1 Rxd1 25. Rxd1 a5 26. Be4 Rc3 27. Rd3 Rc1+ 28. Kg2 Bc5 29. Rd2 Kg7 30. Bd3 Bb4 31. Re2 Rd1 32. Bc4 h5 33. Re4 Rd2+ 34. Re2 Rd4 35. h4 Bc5 36. Kf3 Kf6 37. Re1 Rd2 38. Re2 Rd1 39. Re4 Rg1 40. Re5 Rd1 41. Re4 Ke7 42. Re5 Kd6 43. Re4 Rc1 44. Re5 Rc2 45. Re2 Rc3+ 46. Kg2 Be3 47. Re1 Kc5 48. Re2 Bd4 49. Re1 Rc2+ 50. Re2 Rc1 51. Re4 Rg1+ 52. Kf3 Rc1 53. Re2 Rc3+ 54. Kg2 Be3 55. Re1 Kd4 56. Rd1+ Ke4 57. Re1 Rc2+ 58. Re2 Rc1 59. Kh2 Kf3 60. Rg2 Bf2 61. Ba6 Rc7 62. Bb5 Rc2 63. Kh3 Rc1 64. Kh2 Rc3 65. Bc4 Rc2 66. Kh3 Rb2 67. Bb5 Rxb3 68. Bc6+ Ke3 69. Be8 Rb4 70. Bxf7 Rxa4 71. Bxg6 Ra1 72. g4 Rh1+ 73. Rh2 hxg4+ 74. Kg2 Rxh2+ 0-1

[Event "Belgrade Trophy 25th"]
[Site "Obrenovac"]
[Date "2011.12.01"]
[Round "8"]
[White "Milanovic, Danilo"]
[Black "Tasic, Zoran T"]
[Result "1-0"]
[WhiteElo "2516"]
[BlackElo "2157"]
[PlyCount "93"]
[EventDate "2011.11.24"]
[EventType "swiss"]
[EventRounds "9"]
[EventCountry "YUG"]
[SourceTitle "CBM 145 Extra"]
[Source "ChessBase"]
[SourceDate "2012.01.03"]
[SourceVersion "1"]
[SourceVersionDate "2012.01.03"]
[SourceQuality "1"]

1. d4 d5 2. c4 Nc6 3. Nc3 Nf6 4. Nf3 dxc4 5. d5 Na5 6. Qa4+ c6 7. b4 b5 8. Qxa5 Qxa5 9. bxa5 b4 10. Nd1 cxd5 11. Rb1 e6 12. Nd4 e5 13. Nc6 Bf5 14. Rb2 c3 15. Rb3 Bc2 16. Nxe5 Bxb3 17. axb3 Bd6 18. Nd3 Rb8 19. Ne3 Rb5 20. Nf5 Bf8 21. a6 Ra5 22. e3 Nd7 23. Nd4 Ra1 24. Kd1 Bc5 25. Nc6 0-0 26. Kc2 Kh8 27. Ncxb4 Bxb4 28. Nxb4 Nc5 29. Nd3 Nxa6 30. Kxc3 Ra2 31. b4 Rc8+ 32. Kb3 Rac2 33. Bb2 Rd2 34. Bc3 Rd1 35. Kc2 Ra1 36. Kb2 Rd1 37. g3 h6 38. Kc2 Ra1 39. Bg2 Rxh1 40. Bxh1 Nc7 41. Kb3 f6 42. Nf4 Rb8 43. Ka4 Rb5 44. Ne6 Rb7 45. Nxc7 Rxc7 46. Bd4 Rc2 47. Bxd5 1-0

[Event "Belgrade Trophy 25th"]
[Site "Obrenovac"]
[Date "2011.11.27"]
[Round "4"]
[White "Tasic, Zoran T"]
[Black "Nikcevic, Nebojsa"]
[Result "0-1"]
[WhiteElo "2157"]
[BlackElo "2412"]
[PlyCount "64"]
[EventDate "2011.11.24"]
[EventType "swiss"]
[EventRounds "9"]
[EventCountry "YUG"]
[SourceTitle "CBM 145 Extra"]
[Source "ChessBase"]
[SourceDate "2012.01.03"]
[SourceVersion "1"]
[SourceVersionDate "2012.01.03"]
[SourceQuality "1"]

1. d4 Nf6 2. Bg5 Ne4 3. Bf4 c5 4. f3 Qa5+ 5. c3 Nf6 6. d5 Qb6 7. b3 Nh5 8. Bg5 h6 9. Bh4 g5 10. Bf2 Bg7 11. e4 d6 12. Ne2 Nd7 13. a4 Ne5 14. a5 Qc7 15. Nc1 0-0 16. g4 Nf4 17. h4 e6 18. hxg5 hxg5 19. Be3 exd5 20. Bxf4 gxf4 21. Nd3 dxe4 22. Nxe5 Bxe5 23. Qc2 d5 24. Qh2 Re8 25. Qh6 Bg7 26. Qh7+ Kf8 27. Kd1 Bd7 28. Ra2 Qd6 29. Rh5 Qg6 30. Qxg6 fxg6 31. Rxd5 Be6 32. Rxc5 Bxb3+ 0-1